000 00338nam a2200133Ia 4500
008 210210b1992 xxu||||| |||| 00| 0 eng d
082 _a827.08 MUIO
100 _aMUIR (Frank)
245 _aOxford book of humorous prose
260 _aN Y
_bOxford University Press
_c1992
300 _a341,162
690 _aEnglish Humor
906 _a046246
999 _c95630
_d95630